[Event "MARIENBAD OPEN 2019 - C - FIDE open"]
[Site "Polonia hotel, Marianske Lazne"]
[Date "2019.01.25"]
[Round "8"]
[White "Shilov, Sergej"]
[Black "Meers, Hubert"]
[Result "1-0"]
[WhiteElo "2243"]
[BlackElo "2009"]
[PlyCount "95"]
[EventDate "2019.01.19"]

1. c4 g6 2. g3 Bg7 3. Bg2 d6 4. d4 Nf6 5. Nc3 O-O 6. Nf3 Nc6 7. O-O Bg4 8. h3
Bxf3 9. Bxf3 Nd7 10. e3 e5 11. d5 Ne7 12. e4 f5 13. Bd2 f4 14. Bg4 g5 15. Bxd7
Qxd7 16. Qg4 Qxg4 17. hxg4 Kf7 18. b4 Rh8 19. Kg2 Kg6 20. c5 a6 21. Rac1 h5 22.
gxh5+ Rxh5 23. Rh1 Rah8 24. Rxh5 Rxh5 25. cxd6 cxd6 26. Na4 b5 27. Nb6 Rh8 28.
Rc7 Bf6 29. Ra7 Nc8 30. Rxa6 Nxb6 31. Rxb6 Ra8 32. Rxd6 Rxa2 33. gxf4 gxf4 34.
Bxf4 Kf7 35. Be3 Be7 36. Rd7 Ke8 37. Rb7 Bxb4 38. Rxb5 Bd6 39. Bc5 Bxc5 40.
Rxc5 Ra4 41. f3 Ra7 42. Rc6 Rg7+ 43. Kh3 Rg5 44. Rf6 Kd7 45. Rf5 Rxf5 46. exf5
Ke7 47. Kg4 Kf6 48. d6 1-0

[Event "MARIENBAD OPEN 2019 - C - FIDE open"]
[Site "Polonia hotel, Marianske Lazne"]
[Date "2019.01.25"]
[Round "8"]
[White "Nemec, Pavel"]
[Black "Stojkovic, Andreja"]
[Result "1-0"]
[WhiteElo "2232"]
[BlackElo "1956"]
[PlyCount "69"]
[EventDate "2019.01.19"]

1. e4 e5 2. Nf3 Nc6 3. Bb5 f5 4. d3 fxe4 5. dxe4 Nf6 6. O-O Bc5 7. Qe2 d6 8.
Qc4 Bd7 9. Nc3 a6 10. Bxc6 bxc6 11. Nxe5 Bxf2+ 12. Rxf2 dxe5 13. Bg5 Qe7 14.
Na4 h6 15. Bxf6 gxf6 16. Nc5 Bg4 17. Nxa6 Qd6 18. Nc5 Ke7 19. a4 Rhb8 20. b4
Be6 21. Qc3 Qd4 22. Qxd4 exd4 23. Rb1 Bc4 24. Rd2 Ra5 25. Rdd1 Ba2 26. bxa5
Bxb1 27. Rxd4 Bxc2 28. Rd7+ Ke8 29. Rxc7 Kd8 30. Rxc6 Rb1+ 31. Kf2 Rb2 32. Kg3
f5 33. a6 fxe4 34. a7 Rb3+ 35. Kf4 1-0

[Event "MARIENBAD OPEN 2019 - C - FIDE open"]
[Site "Polonia hotel, Marianske Lazne"]
[Date "2019.01.25"]
[Round "8"]
[White "Sprenar, Petr"]
[Black "Pavlicek, Lukas"]
[Result "1-0"]
[WhiteElo "2236"]
[BlackElo "2004"]
[PlyCount "41"]
[EventDate "2019.01.19"]

1. d4 Nf6 2. Bg5 g6 3. Bxf6 exf6 4. c4 f5 5. g3 Bg7 6. e3 O-O 7. Bg2 c5 8. Ne2
d6 9. Nbc3 Nc6 10. O-O Qb6 11. Nd5 Qxb2 12. Nc7 Rb8 13. Rb1 Qxa2 14. Bxc6 Qxc4
15. Bb5 Qa2 16. Ra1 Qb2 17. Qd3 c4 18. Bxc4 Qb6 19. Nd5 Qd8 20. Rxa7 Be6 21.
Rb1 1-0

[Event "MARIENBAD OPEN 2019 - C - FIDE open"]
[Site "Polonia hotel, Marianske Lazne"]
[Date "2019.01.25"]
[Round "8"]
[White "Vantuch, Lucian"]
[Black "Shintre, Neel"]
[Result "1-0"]
[WhiteElo "1883"]
[BlackElo "2053"]
[PlyCount "97"]
[EventDate "2019.01.19"]

1. e4 Nf6 2. e5 Nd5 3. d4 d6 4. c4 Nb6 5. exd6 exd6 6. h3 Nc6 7. Nf3 Be7 8. Nc3
O-O 9. Be2 Bf5 10. O-O Re8 11. Bf4 Bf6 12. Re1 a6 13. Qd2 d5 14. c5 Nc8 15. Bd3
Rxe1+ 16. Rxe1 N8e7 17. g4 Bxd3 18. Qxd3 Ng6 19. Bg3 Qd7 20. Qf5 Rd8 21. Qxd7
Rxd7 22. Re8+ Nf8 23. Ne5 Bxe5 24. Bxe5 f6 25. Bg3 Nxd4 26. Rb8 c6 27. Bd6 Nde6
28. f4 d4 29. f5 Rd8 30. fxe6 Rxb8 31. Bxb8 dxc3 32. e7 cxb2 33. e8=Q b1=Q+ 34.
Kh2 Qxa2+ 35. Kg3 Qe6 36. Qd8 Qd7 37. Qb6 Ne6 38. Bd6 Ng5 39. Kf4 Nxh3+ 40. Kg3
Ng5 41. Kh4 Nf7 42. Qa7 Nxd6 43. cxd6 Qxd6 44. Qa8+ Kf7 45. Qxb7+ Kg6 46. Qb2
Qf4 47. Qe2 h5 48. Qe8+ Kh6 49. Qxh5# 1-0

[Event "MARIENBAD OPEN 2019 - C - FIDE open"]
[Site "Polonia hotel, Marianske Lazne"]
[Date "2019.01.25"]
[Round "8"]
[White "Luberanski, Jakub"]
[Black "Warcaba, Jakub"]
[Result "1-0"]
[WhiteElo "1959"]
[BlackElo "1608"]
[PlyCount "53"]
[EventDate "2019.01.19"]

1. e4 c5 2. Nf3 d6 3. d4 cxd4 4. Nxd4 Nf6 5. Nc3 a6 6. h3 e6 7. g4 Be7 8. Bg2
Nfd7 9. Be3 Nc6 10. Qe2 Rb8 11. O-O-O O-O 12. f4 Nxd4 13. Bxd4 b5 14. e5 b4 15.
Ne4 d5 16. Ng3 Nb6 17. Rhf1 Bd7 18. Qf3 f5 19. gxf5 exf5 20. e6 Bc6 21. Nh5 g6
22. Qe2 gxh5 23. Bxd5 Be8 24. Rg1+ Bg6 25. Qxh5 Rf6 26. Bxf6 Qxd5 27. Rxg6+ 1-0

[Event "MARIENBAD OPEN 2019 - C - FIDE open"]
[Site "Polonia hotel, Marianske Lazne"]
[Date "2019.01.25"]
[Round "8"]
[White "Skiba, Aleksandra"]
[Black "Karp, Kacper"]
[Result "1-0"]
[WhiteElo "1734"]
[BlackElo "1464"]
[PlyCount "67"]
[EventDate "2019.01.19"]

1. d4 Nf6 2. c4 e6 3. Nf3 d5 4. Nc3 Be7 5. Bg5 O-O 6. e3 b6 7. cxd5 Nxd5 8.
Bxe7 Qxe7 9. Nxd5 exd5 10. Bd3 Bb7 11. O-O Nd7 12. Qc2 Nf6 13. Rac1 Rac8 14.
Bf5 Rb8 15. Qxc7 Qb4 16. Qc3 Qe7 17. Ne5 g6 18. Bd3 Rbc8 19. Qd2 Ne4 20. Bxe4
dxe4 21. Rxc8 Rxc8 22. Rc1 Qg5 23. Rxc8+ Bxc8 24. Qc2 Be6 25. b3 f6 26. Nc4 f5
27. Ne5 Qe7 28. h3 a5 29. Qc6 Bf7 30. Nxf7 Kxf7 31. Qxb6 Qa3 32. Qc7+ Kg8 33.
Qc2 Qb4 34. Qc4+ 1-0

[Event "MARIENBAD OPEN 2019 - D - Open Seniors"]
[Site "Polonia hotel, Marianske Lazne"]
[Date "2019.01.25"]
[Round "8"]
[White "Polich, Sergei"]
[Black "Bartos, Jan"]
[Result "1/2-1/2"]
[WhiteElo "2112"]
[BlackElo "2178"]
[PlyCount "49"]
[EventDate "2019.01.19"]

1. c4 Nf6 2. Nc3 c5 3. Nf3 e6 4. g3 b6 5. Bg2 Bb7 6. d4 cxd4 7. Qxd4 Be7 8. b3
O-O 9. Bb2 Nc6 10. Qd2 Ne5 11. O-O Nxf3+ 12. exf3 d5 13. f4 Qb8 14. cxd5 Rd8
15. Qd4 Bc5 16. Qe5 Qxe5 17. fxe5 Nxd5 18. Ne4 Be7 19. Rac1 Ba6 20. Rfd1 Rac8
21. h4 Rxc1 22. Rxc1 Rc8 23. Rxc8+ Bxc8 24. Nc3 Nxc3 25. Bxc3 1/2-1/2

[Event "MARIENBAD OPEN 2019 - D - Open Seniors"]
[Site "Polonia hotel, Marianske Lazne"]
[Date "2019.01.25"]
[Round "8"]
[White "Schatz, Christian"]
[Black "Kozak, Milos"]
[Result "1/2-1/2"]
[WhiteElo "2159"]
[BlackElo "2203"]
[PlyCount "41"]
[EventDate "2019.01.19"]

1. Nf3 Nf6 2. c4 e6 3. g3 d5 4. Bg2 Be7 5. d4 O-O 6. O-O b6 7. Nc3 Bb7 8. Ne5
Na6 9. Bg5 h6 10. Bxf6 Bxf6 11. cxd5 exd5 12. Ng4 Be7 13. Qb3 c6 14. Rad1 Nc7
15. e4 dxe4 16. Bxe4 Qd6 17. Ne3 Qf6 18. d5 cxd5 19. Nexd5 Bxd5 20. Bxd5 Rad8
21. Bg2 1/2-1/2

[Event "MARIENBAD OPEN 2019 - D - Open Seniors"]
[Site "Polonia hotel, Marianske Lazne"]
[Date "2019.01.25"]
[Round "8"]
[White "Baum, Bernd"]
[Black "Paldus, Petr"]
[Result "1/2-1/2"]
[WhiteElo "2204"]
[BlackElo "2037"]
[PlyCount "42"]
[EventDate "2019.01.19"]

1. Nf3 d5 2. g3 c5 3. Bg2 Nc6 4. d4 Nf6 5. O-O e6 6. c4 dxc4 7. dxc5 Qxd1 8.
Rxd1 Bxc5 9. Nbd2 Bd7 10. Nxc4 Ke7 11. Bf4 Nd5 12. Bg5+ f6 13. Bd2 Rac8 14.
Rac1 Bb4 15. e4 Bxd2 16. Rxd2 Nb6 17. Nxb6 axb6 18. Rcd1 Rhd8 19. Bf1 Be8 20.
Nd4 Nxd4 21. Rxd4 e5 1/2-1/2

[Event "MARIENBAD OPEN 2019 - D - Open Seniors"]
[Site "Polonia hotel, Marianske Lazne"]
[Date "2019.01.25"]
[Round "8"]
[White "Chmelik, Jiri"]
[Black "Ahrends, Norbert"]
[Result "1/2-1/2"]
[WhiteElo "1977"]
[BlackElo "1898"]
[PlyCount "49"]
[EventDate "2019.01.19"]

1. d4 d5 2. c4 c6 3. Nf3 Nf6 4. Nc3 e6 5. e3 Nbd7 6. Qc2 Bd6 7. b3 O-O 8. Bb2
Re8 9. Be2 b6 10. O-O Bb7 11. e4 e5 12. cxd5 cxd5 13. dxe5 Nxe5 14. Nxe5 Bxe5
15. exd5 Rc8 16. Bc4 b5 17. Nxb5 Bxh2+ 18. Kh1 Nxd5 19. Qf5 Qh4 20. Qh3 Qxh3
21. gxh3 Bb8 22. f3 Nf4 23. Rad1 Ne2 24. Kg2 Nf4+ 25. Kh1 1/2-1/2

[Event "MARIENBAD OPEN 2019 - D - Open Seniors"]
[Site "Polonia hotel, Marianske Lazne"]
[Date "2019.01.25"]
[Round "8"]
[White "Chudek, Lubomir"]
[Black "Panos, Jan"]
[Result "0-1"]
[WhiteElo "1768"]
[BlackElo "1846"]
[PlyCount "96"]
[EventDate "2019.01.19"]

1. e4 c5 2. Nf3 Nc6 3. d4 cxd4 4. Nxd4 Nf6 5. Nc3 g6 6. Be3 Bg7 7. f3 Qa5 8.
Qd2 d5 9. Nb3 Qd8 10. exd5 Nb4 11. O-O-O Bf5 12. Nd4 Bd7 13. Bc4 Rc8 14. Bb3
O-O 15. g4 Na6 16. h4 h5 17. Bh6 hxg4 18. Bxg7 Kxg7 19. fxg4 Bxg4 20. Rdg1 Nc5
21. h5 Nxb3+ 22. axb3 Rh8 23. hxg6 Rxh1 24. Rxh1 fxg6 25. Qg5 Qd7 26. Rh6 Bf5
27. Ne6+ Kf7 28. Nf4 Rg8 29. Qg1 Qd6 30. Qd4 Kg7 31. Rh1 e5 32. Nb5 Qa6 33.
Qxe5 Qa1+ 34. Kd2 Qxh1 35. Qe7+ Kh6 36. Qxf6 Qh2+ 37. Ne2 Qh5 38. Qf7 Rg7 39.
Qf8 Qg5+ 40. Ke1 Bxc2 41. Nbd4 Bf5 42. Qh8+ Rh7 43. Qf8+ Kh5 44. Qg8 Re7 45. d6
Qg3+ 46. Kd2 Qxd6 47. Qh8+ Kg5 48. Ke1 Bg4 0-1

[Event "MARIENBAD OPEN 2019 - D - Open Seniors"]
[Site "Polonia hotel, Marianske Lazne"]
[Date "2019.01.25"]
[Round "8"]
[White "Malinovsky, Petr"]
[Black "Pokora, Lubomir"]
[Result "1-0"]
[WhiteElo "2004"]
[BlackElo "1885"]
[PlyCount "49"]
[EventDate "2019.01.19"]

1. d4 d6 2. e4 Nf6 3. f3 Nbd7 4. Be3 e5 5. d5 Be7 6. c4 c6 7. Nc3 cxd5 8. cxd5
a6 9. Bd3 Nh5 10. Nge2 Bg5 11. Qd2 Bxe3 12. Qxe3 O-O 13. h4 b5 14. g4 Nhf6 15.
Ng3 Nc5 16. O-O-O b4 17. Nce2 Nxd3+ 18. Rxd3 a5 19. Kb1 Ba6 20. Rdd1 Nd7 21.
Nf5 Nc5 22. Neg3 g6 23. Qh6 Qf6 24. Nh5 Qh8 25. Ne7# 1-0

[Event "MARIENBAD OPEN 2019 - D - Open Seniors"]
[Site "Polonia hotel, Marianske Lazne"]
[Date "2019.01.25"]
[Round "8"]
[White "Briza, Jiri"]
[Black "Aird, Ian"]
[Result "1-0"]
[WhiteElo "1944"]
[BlackElo "1830"]
[PlyCount "127"]
[EventDate "2019.01.19"]

1. d4 d5 2. Nf3 Nf6 3. g3 c6 4. Bg2 Bf5 5. O-O e6 6. Nbd2 h6 7. b3 Bd6 8. Bb2
O-O 9. Ne5 Nbd7 10. Ndf3 Qc7 11. Re1 Rad8 12. Nxd7 Qxd7 13. Ne5 Qc7 14. e3 Rfe8
15. Rc1 Qe7 16. Qe2 Bh7 17. c4 Nd7 18. Nxd7 Rxd7 19. c5 Bc7 20. Qd2 Qd8 21. f4
Be4 22. Bxe4 dxe4 23. Qc3 Rd5 24. Re2 Kh7 25. Qc2 f5 26. b4 a6 27. a4 Qd7 28.
Qb3 Ra8 29. Rec2 Bd8 30. Bc3 Qc8 31. b5 Kg8 32. Bd2 Kf7 33. Rb2 Rd7 34. Qd1 g6
35. Rcb1 Re7 36. Qe1 Rd7 37. Rb3 Re7 38. Qc1 Rd7 39. Qb2 Ra7 40. Bc3 Kg8 41.
Qe2 Rf7 42. Ba1 Bf6 43. bxa6 Rxa6 44. Qxa6 bxa6 45. Rb8 Qxb8 46. Rxb8+ Rf8 47.
Rb6 Rc8 48. Bc3 a5 49. Rb7 Bd8 50. Kf1 Kf8 51. Ke2 Ke8 52. Kd2 Rc7 53. Rb8 Ra7
54. d5 exd5 55. Bf6 Rd7 56. Ra8 d4 57. exd4 Rd5 58. Ke3 Rd7 59. h3 h5 60. g4
hxg4 61. hxg4 Rd5 62. g5 Rd7 63. Rc8 Rd5 64. Rxc6 1-0

[Event "MARIENBAD OPEN 2019 - D - Open Seniors"]
[Site "Polonia hotel, Marianske Lazne"]
[Date "2019.01.25"]
[Round "8"]
[White "Spanton, Tim R"]
[Black "Van Der Giessen, Ada Leona"]
[Result "0-1"]
[WhiteElo "1943"]
[BlackElo "1809"]
[PlyCount "84"]
[EventDate "2019.01.19"]

1. e4 c5 2. Nc3 Nc6 3. Nge2 g6 4. d4 cxd4 5. Nxd4 Bg7 6. Nxc6 bxc6 7. Bc4 e6 8.
O-O Ne7 9. Re1 O-O 10. Qd6 Re8 11. Bg5 Bf8 12. Rad1 Qa5 13. Qd2 Qb4 14. Nd5
Nxd5 15. Bxd5 Qxd2 16. Bxd2 cxd5 17. exd5 Bb7 18. dxe6 dxe6 19. Be3 Rac8 20.
Rd7 Bd5 21. Rxa7 Rxc2 22. b3 Ra8 23. Rxa8 Bxa8 24. Ra1 Ba3 25. g3 Bd5 26. h4
Bc5 27. Bxc5 Rxc5 28. b4 Rc2 29. a4 Ra2 30. Rxa2 Bxa2 31. Kf1 Bb3 32. a5 Bc4+
33. Ke1 Kf8 34. Kd2 Ke7 35. Kc3 Bb5 36. Kd4 Kd6 37. f4 f5 38. Kc3 Kd5 39. Kd2
Kd4 40. Kc2 Kc4 41. Kd2 Kxb4 42. Ke3 Kc4 0-1

[Event "MARIENBAD OPEN 2019 - D - Open Seniors"]
[Site "Polonia hotel, Marianske Lazne"]
[Date "2019.01.25"]
[Round "8"]
[White "Becvar, Miroslav"]
[Black "Kosina, Vladimir"]
[Result "1-0"]
[WhiteElo "1869"]
[BlackElo "1702"]
[PlyCount "65"]
[EventDate "2019.01.19"]

1. e4 e6 2. d4 Nf6 3. Bd3 Nc6 4. c3 d5 5. e5 Nd7 6. f4 Be7 7. Nf3 b6 8. Be3 a5
9. Qe2 Bb7 10. Nbd2 Ncb8 11. O-O Ba6 12. Ne1 g6 13. g4 h5 14. f5 Bxd3 15. Nxd3
Bg5 16. fxe6 fxe6 17. Nf3 Bxe3+ 18. Qxe3 hxg4 19. Ng5 Qe7 20. Rf7 Qxf7 21. Nxf7
Kxf7 22. Rf1+ Kg7 23. Qg5 Nc6 24. Nf4 Nf8 25. Qf6+ Kh7 26. Nxe6 Nxe6 27. Qxe6
Nd8 28. Qxd5 Ra7 29. Qd7+ Kh6 30. e6 Nxe6 31. Qxe6 Raa8 32. Rf7 Kh5 33. Rg7 1-0

[Event "MARIENBAD OPEN 2019 - D - Open Seniors"]
[Site "Polonia hotel, Marianske Lazne"]
[Date "2019.01.25"]
[Round "8"]
[White "Kirs, Pavel"]
[Black "Svec, Ludek"]
[Result "0-1"]
[WhiteElo "1565"]
[BlackElo "1554"]
[PlyCount "54"]
[EventDate "2019.01.19"]

1. b3 Nf6 2. Bb2 e6 3. e3 c5 4. c4 b6 5. Nf3 Bb7 6. Be2 Be7 7. O-O O-O 8. d4
Na6 9. Nbd2 d5 10. a3 Ne4 11. Bd3 Nc7 12. Qc2 f5 13. Ne5 Ne8 14. Rad1 N8f6 15.
f3 Nxd2 16. Rxd2 Rc8 17. Qd1 Qe8 18. Qe2 Qh5 19. g4 fxg4 20. fxg4 Qh3 21. Rf3
Qh4 22. Rg3 Ne4 23. Bxe4 dxe4 24. dxc5 bxc5 25. Rd7 Ba8 26. Qg2 Rcd8 27. Rxa7
Rd1+ 0-1

[Event "MARIENBAD OPEN 2019 - A1 - GM"]
[Site "Polonia hotel, Marianske Lazne"]
[Date "2019.01.26"]
[Round "9"]
[White "Voloshin, Leonid"]
[Black "Oboladze, Luka"]
[Result "1/2-1/2"]
[WhiteElo "2381"]
[BlackElo "2295"]
[EventDate "2019.01.19"]

1. c4  c6  2. d4  d5
3. Nf3  Nf6  4. Nc3
dxc4  5. a4  e6
6. e3  Bb4  7. Bxc4  O-O
8. O-O  Nbd7  9. Qb3
Qe7  10. a5  b6
11. axb6  Nxb6  12. Be2  a5
1/2-1/2

[Event "MARIENBAD OPEN 2019 - A1 - GM"]
[Site "Polonia hotel, Marianske Lazne"]
[Date "2019.01.26"]
[Round "9"]
[White "Gumularz, Szymon"]
[Black "Simek, Petr (86)"]
[Result "1-0"]
[WhiteElo "2475"]
[BlackElo "2330"]
[EventDate "2019.01.19"]

1. d4  Nf6  2. Bf4  g6
3. Nc3  d5  4. e3
c6  5. Nf3  Bg7
6. Ne5  Nbd7  7. Be2  Ne4
8. Nxe4  dxe4  9. Nxd7
Bxd7  10. c3  h5
11. Qc2  Bf5  12. h3
Qd7  13. O-O  O-O
14. Rfd1  Rfd8  15. c4
Rac8  16. b4  Bf6
17. Bh2  h4  18. Rab1
g5  19. c5  a6
20. Bc4  Be6  21. Bxe6  Qxe6
22. Qe2  Bg7  23. a4
Ra8  24. Rd2  Qf5
25. Rbd1  Rd5  26. b5
axb5  27. axb5  Rad8
28. Bc7  Rf8  29. b6
Qd7  30. Qg4  f5
31. Qxg5  f4  32. Qxh4
fxe3  33. fxe3  Qe6
34. Qg4  Qxg4  35. hxg4
Ra8  36. Rf1  Ra3
37. Re2  e5  38. dxe5
Rc3  39. e6  Bf8
40. Rxf8+  Kxf8  41. Bd6+
Rxd6  42. cxd6  Rd3
43. Rf2+  Ke8  44. g5
Rxd6  45. g6  1-0

[Event "MARIENBAD OPEN 2019 - A1 - GM"]
[Site "Polonia hotel, Marianske Lazne"]
[Date "2019.01.26"]
[Round "9"]
[White "Rakesh, Kumar Jena"]
[Black "Cernousek, Lukas"]
[Result "1/2-1/2"]
[WhiteElo "2426"]
[BlackElo "2427"]
[EventDate "2019.01.19"]

1. e4  c6  2. Nc3  d5
3. Nf3  Nf6  4. d3
dxe4  5. dxe4  Qxd1+
6. Kxd1  Bg4  7. h3
Bxf3+  8. gxf3  Nbd7
9. Be3  e6  10. Rg1
g6  11. Ke1  Bc5
12. Bh6  Ke7  13. Be2
Bd4  14. Nd1  e5
15. c3  Bc5  16. Ne3
a5  17. Rd1  Nh5
18. Nc2  Nf8  19. Be3
Ne6  20. Bc4  Nhf4
21. Bxe6  Nxe6  22. Ke2
h5  23. Bc1  Rhd8
24. Rxd8  Rxd8  25. Ne1
b5  26. Nd3  Bd6
27. Bg5+  Nxg5  28. Rxg5
Kf6  29. h4  Ke6
30. f4  exf4  31. e5
Bc7  32. Nxf4+  Ke7
33. Nd3  Rd5  34. f4
c5  35. Nf2  c4
36. Rg3  Ke6  37. Ne4  Kf5
38. Nf6  Rd8  39. Rg5+
Kxf4  40. e6  fxe6
41. Rxb5  Kg3  42. Rg5+
Kxh4  43. Rxg6  Rb8
44. Ne4  Rxb2+  45. Kf3
Rxa2  46. Rxe6  Ra1
47. Rc6  Rf1+  48. Nf2
Bd8  49. Rd6  Bc7
50. Rc6  Bd8  51. Rxc4+
Kg5  52. Kg2  Ra1
53. Ne4+  Kg6  54. Nc5
Ra2+  55. Kf3  h4
56. Ne6  Be7  57. Nf4+
Kf5  58. Rc7  Ra3
59. Rxe7  Rxc3+  60. Re3
Rxe3+  61. Kxe3  Kg4
62. Ne2  a4  63. Kf2
a3  1/2-1/2

[Event "MARIENBAD OPEN 2019 - A2 - GM"]
[Site "Polonia hotel, Marianske Lazne"]
[Date "2019.01.26"]
[Round "9"]
[White "Yeritsyan, Aram"]
[Black "Simacek, Pavel"]
[Result "1/2-1/2"]
[WhiteElo "2349"]
[BlackElo "2481"]
[EventDate "2019.01.19"]

1. e4  e5  2. Bc4  c6
3. Nc3  b5  4. Bb3
a5  5. a4  b4
6. Nce2  d5  7. Nf3  Nf6
8. Ng3  Bc5  9. Nxe5
Bd4  10. Nf3  dxe4
11. Nxd4  Qxd4  12. c3
Qd6  13. O-O  O-O
14. Re1  Nbd7  15. d4
exd3  16. Nf5  Qc7
17. Ne7+  Kh8  18. Nxc8
Nc5  19. cxb4  axb4
20. Bc4  Rfxc8  21. Be3
Ra5  22. Bxd3  Nxd3
23. Qxd3  Ng4  24. g3
Ne5  25. Qe4  Qd7
26. Rad1  f5 27. Qxb4  Rd5
28. Rxd5  Qxd5  29. Rc1
Nf3+  30. Kf1  Nxh2+
31. Kg1  Nf3+  32. Kf1
Nh2+  33. Kg1  Nf3+
34. Kf1  Ne5  35. Kg1
Re8  36. Qc5  Qe4
37. Qc2  Nf3+  38. Kf1
Qg4  39. Kg2  Nh4+
40. Kh2  Nf3+  41. Kg2
f4  42. Qxc6  Nh4+
43. Kg1  Rd8  44. Bxf4
h6  45. Bxh6  Rd1+
46. Kh2  Nf3+  47. Kg2
Ne1+  48. Kg1  Nf3+
49. Kg2  Ne1+  50. Kg1
Nf3+  1/2-1/2

[Event "MARIENBAD OPEN 2019 - B1 - IM"]
[Site "Polonia hotel, Marianske Lazne"]
[Date "2019.01.26"]
[Round "9"]
[White "Kornitzky, Tino"]
[Black "Sernecki, Franciszek"]
[Result "1/2-1/2"]
[WhiteElo "2133"]
[BlackElo "2278"]
[EventDate "2019.01.19"]

1. d4  d5  2. c4  e6
3. g3  Nf6  4. Bg2
dxc4  5. Nf3  c5
6. O-O  Nc6  7. Qa4
Bd7  8. Qxc4  cxd4
9. Nxd4  Rc8  10. Nc3
Nxd4  11. Qxd4  Bc5
12. Qh4  h6  13. Bxb7
Rb8  14. Bf3  Rb4
15. Qh3  e5  16. Qg2
Qc8  17. Rd1  O-O
18. a3  Bh3  19. Qh1
Rb3  20. Ne4  Nxe4
21. Bxe4  Bd4  22. Bd3
Qg4  23. Qe4  1/2-1/2

[Event "MARIENBAD OPEN 2019 - B1 - IM"]
[Site "Polonia hotel, Marianske Lazne"]
[Date "2019.01.26"]
[Round "9"]
[White "Baum, Jonasz"]
[Black "Florstedt, Johannes"]
[Result "0-1"]
[WhiteElo "2302"]
[BlackElo "2320"]
[EventDate "2019.01.19"]

1. d4  Nf6  2. c4  g6
3. Nf3  Bg7  4. g3
O-O  5. Bg2  c6
6. O-O  d5  7. Nbd2  Bf5
8. b3  Ne4  9. Bb2
Qa5  10. a3  Nd7
11. b4  Qa6  12. Nxe4
Bxe4  13. c5  b6
14. Bh3  Bxf3  15. exf3
e6  16. Qd2  bxc5
17. bxc5  Rab8  18. Rfb1
Qa4  19. Bc3  Rxb1+
20. Rxb1  Qxa3  21. Ra1
Qb3  22. Rxa7  Nxc5
23. Bb4  Qb1+  24. Kg2
Nd3  25. Bc3  Bxd4
26. Bxe6  Bxa7  27. Bf5
Ne1+  28. Qxe1  Qxe1
0-1

[Event "MARIENBAD OPEN 2019 - B1 - IM"]
[Site "Polonia hotel, Marianske Lazne"]
[Date "2019.01.26"]
[Round "9"]
[White "Nagy, Gabor"]
[Black "Patil, Mitali"]
[Result "1-0"]
[WhiteElo "2479"]
[BlackElo "2062"]
[EventDate "2019.01.19"]

1. c4  e5  2. Nc3  Nf6
3. Nf3  Nc6  4. e4
g6  5. d4  exd4
6. Nxd4  d6  7. Bg5  Bg7
8. Nd5  a6  9. Nc2
h6  10. Bxf6  Bxf6
11. Nxf6+  Qxf6  12. Rb1
Be6  13. Be2  Qe5
14. Bd3  Qa5+  15. b4
Qxa2  16. O-O  Ne5
17. Ne3  O-O  18. f4
Nxd3  19. Qxd3  b5
20. Qc3  f5  21. exf5
Bxf5  22. Rb2  Qa4
23. Re2  bxc4  24. Nxf5
Rxf5  25. Re7  Rf7
26. Rxf7  Kxf7  27. Qxc4+
Kg7  28. Qxc7+  Kh8
29. Qxd6  Qe8  30. f5
Qe3+  31. Kh1  gxf5
32. Qf6+  Kg8  33. Qxf5
Re8  34. Qg6+  Kh8
35. Qxa6  Re6  36. Qc8+
Re8  37. Qf5  Kg7
38. Qf6+  Kh7  39. b5
Re7  40. h3  Rb7
41. Qf5+  Kg7  42. Rf3
Qe1+  43. Kh2  Qe7
44. Rg3+  Kh8  45. Qc8+
1-0

[Event "MARIENBAD OPEN 2019 - B1 - IM"]
[Site "Polonia hotel, Marianske Lazne"]
[Date "2019.01.26"]
[Round "9"]
[White "Gorbatov, Alexej"]
[Black "Mica, Marek"]
[Result "1/2-1/2"]
[WhiteElo "2389"]
[BlackElo "2212"]
[EventDate "2019.01.19"]

1. Nh3  Nf6  2. g3  d5
3. d4  e6  4. Bg2
c5  5. dxc5  Bxc5
6. Nf4  Nc6  7. a3
a5  8. Nc3  O-O
9. O-O  Qe7  10. Nd3  Bb6
11. Rb1  Rd8  12. b4
axb4  13. axb4  Bd7
14. e4  Bd4  15. exd5
Bxc3  16. dxc6  Bxc6
17. Bxc6  bxc6  18. Rb3
Nd5  19. Bd2  Ra1
20. Qe2  Rxf1+  21. Kxf1
Bxd2  22. Qxd2  e5
23. Qe1  e4  24. Nc5
f5  25. Kg2  Nb6
26. Qe2  Ra8  27. f3
exf3+  28. Kxf3  Qxe2+
29. Kxe2  Re8+  30. Kf3
Nc4  31. Rc3  Nd2+
32. Kf4  g6  33. h4
Kf7  34. Rd3  Ne4
35. Nd7  Ke6  36. Ne5
c5  37. b5  Rb8
38. c4  Nd6  39. Re3  Ne4
40. Ra3  Nd6  41. Ra6
Rc8  42. Nf7  Kxf7
43. Rxd6  Re8  44. Kg5
Re4  45. Rd7+  Ke6
46. Rxh7  Rxc4  47. b6
Rg4+  48. Kh6  Rxg3
49. b7  Rb3  50. Kxg6
f4  51. Rc7  Kd6
52. Rf7  Kc6  53. h5
Rxb7  54. Rxf4  Kd5
55. h6  c4  56. Rh4
c3  57. h7  Rxh7
58. Rxh7  Kd4  59. Kf5
c2  60. Rc7  Kd3
61. Kf4  Kd2  62. Rd7+
Ke2  1/2-1/2

[Event "MARIENBAD OPEN 2019 - B2 - IM"]
[Site "Polonia hotel, Marianske Lazne"]
[Date "2019.01.26"]
[Round "9"]
[White "Kacharava, Nikolozi"]
[Black "Hesse, Henrik"]
[Result "1/2-1/2"]
[WhiteElo "2397"]
[BlackElo "2166"]
[EventDate "2019.01.19"]

1. e4  c5  2. Nf3  e6
3. d4  cxd4  4. Nxd4
Nc6  5. Nc3  Qc7
6. Be3  a6  7. f4
d6  8. Bd3  Nf6
9. O-O  Be7  10. Qf3  O-O
11. a3  Nxd4  12. Bxd4
e5  13. Be3  exf4
14. Qxf4  Be6  15. Nd5
Bxd5  16. exd5  g6
17. Qd4  Rfe8  18. Bh6
Qc5  19. Qxc5  dxc5
20. d6  Ng4  21. Bf4
Bf6  22. c3  Be5
23. Bc4  Bxf4  24. Rxf4
Ne5  25. Raf1  Nxc4
26. Rxc4  Rad8  27. Rd1
Re6  28. b4  Rexd6
29. Rxd6  Rxd6  30. Rxc5
Rd1+  31. Kf2  Ra1
32. Ra5  Rc1  33. Rc5
Ra1  1/2-1/2

[Event "MARIENBAD OPEN 2019 - B2 - IM"]
[Site "Polonia hotel, Marianske Lazne"]
[Date "2019.01.26"]
[Round "9"]
[White "Cerveny, Petr"]
[Black "Ng, Jen Sheng"]
[Result "1/2-1/2"]
[WhiteElo "2318"]
[BlackElo "2075"]
[EventDate "2019.01.19"]

1. e4  e6  2. d4  d5
3. Nc3  Nf6  4. e5
Nfd7  5. f4  c5
6. Nf3  Nc6  7. Be3  a6
8. Qd2  b5  9. a3
Qb6  10. Nd1  cxd4
11. Nxd4  Bc5  12. c3
Qc7  13. b4  Bxd4
14. Bxd4  Nxd4  15. Qxd4
O-O  16. Be2  f6
17. exf6  Nxf6  18. O-O
Ne4  19. g3  Bb7
20. Bd3  Rac8  21. Ra2
Qe7  22. Rc2  Qf6
23. Qxf6  gxf6  24. f5
Kf7  25. fxe6+  Kxe6
26. Rf4  Rc7  27. Ne3
Ke5  28. Ng4+  Ke6
29. Ne3  Ke5  30. Ng4+
Ke6  31. Ne3  1/2-1/2

[Event "MARIENBAD OPEN 2019 - B2 - IM"]
[Site "Polonia hotel, Marianske Lazne"]
[Date "2019.01.26"]
[Round "9"]
[White "German, Nikita"]
[Black "Frolov, Artur"]
[Result "0-1"]
[WhiteElo "2162"]
[BlackElo "2430"]
[EventDate "2019.01.19"]

1. e4  c5  2. Nf3  Nc6
3. d4  cxd4  4. Nxd4
Nf6  5. Nc3  d6
6. Bg5  e6  7. Qd2  a6
8. O-O-O  Bd7  9. f4
Be7  10. Nf3  b5
11. Bxf6  gxf6  12. Kb1
Qa5  13. Qe3  Rc8
14. Nd2  Qc7  15. Bd3
Nb4  16. a3  Nxd3
17. Qxd3  Qb6  18. Ne2
b4  19. Nc4  Qc5
20. Nxd6+  Bxd6  21. Qxd6
Qxd6  22. Rxd6  bxa3
23. b3  Bc6  24. Nc3
Ke7  25. Rd3  Rhg8
26. Rg1  Rc7  27. g3
Rgc8  28. Rg2  f5
29. Nd5+  Bxd5  30. exd5
a2+  31. Ka1  Rxc2
32. Rdd2  Rxd2  33. Rxd2
Rd8  34. Rxa2  Rxd5
35. Rxa6  Rd1+  36. Kb2
Rd2+  37. Ka3  Rxh2
38. Rc6  Rh3  39. Rc3
h5  40. Kb4  h4
41. gxh4  Rxh4  42. Rc4  Rh3
43. Ka4  Re3  44. b4
Re4  45. Rc7+  Kd6
46. Rxf7  Rxf4  47. Ka5
Rf1  48. b5  Kc5
49. Rc7+  Kd4  50. b6
Rb1  51. b7  f4
52. Ka6  e5  53. Rc8  e4
54. b8=Q  Rxb8  55. Rxb8
e3  56. Rd8+  Kc3
57. Re8  Kd2  58. Rd8+
Ke2  59. Kb5  f3
0-1